Osaka - Choix Multiples - Statistiques

Statistiques générales
  • Ce quiz a été pris 1 360 fois
    1 324 depuis la dernière actualisation
  • Le résultat moyen est 5 sur 10
Statistiques - réponses
Question Réponse % Correct
Quel évènement la ville d'Osaka a-t-elle accueilli en 2025? L'Exposition universelle
63%
Quel pays a vu un de ses anciens dirigeants naître dans la ville d'Osaka? La Corée du Sud
62%
Sous quel nom était connue Osaka avant d'adopter son nom actuel? Naniwa
60%
Lequel de ces derby citadins de football représente le derby entre le Gamba Osaka et le Cerezo Osaka?
59%
Laquelle de ces photos a été prise à Osaka?
54%
L'une des formes d'art les plus caractéristiques du Japon est le bunraku, originaire de la ville. De quoi parle-t-on? Du théâtre de marionnette à taille humaine
49%
Dans quelle région se situe Osaka? Kansai
47%
Quelle entreprise parmi les suivantes n'a pas son siège à Osaka ou dans sa préfecture?
46%
Quelle entreprise de jeux vidéos, à l'origine, entre autres, des jeux Street Fighter ou Monster Hunter, est basée à Osaka? Capcom
46%
Lequel de ces plats japonais n'est pas originaire d'Osaka? Le Tataki
45%
Aucun quiz correspondant
Distribution des résultats
% des personnes avec chaque résultat
Percentile par nombre de réponses
Votre historique - résultats
Vous n’avez pas pris ce quiz depuis la dernière actualisation